| 000 | 00355nam a2200145 i 4500 | ||
|---|---|---|---|
| 001 | bg | ||
| 100 | 1 | _aSZUSTAKOWSKI, Józef | |
| 245 | 0 |
_aPoradnik spawacza elektrycznego / _cJózef Szustakowski. |
|
| 250 | _aWyd.2 uaktual. | ||
| 260 |
_aWarszawa, _c1977. |
||
| 040 | _cBPK | ||
| 041 | _apol | ||
| 942 | _cKS | ||
| 008 | s pl f |000 0 pol | ||
| 999 |
_c26989 _d26989 |
||
| 856 |
_uhttp://koha.tu.koszalin.pl/cgi-bin/koha/opac-detail.pl?biblionumber=26989 _yKatalog online BPK |
||